00433 2200181 4500001002100000005001500021008004100036020002200077035001900099041000700118082000800125090001400133100002500147245001800172260002200190300002400212650001500236INLIS00000000000418420241224112849241224||||||||| | ||| |||| || |  a978-979-027-284-2 0010-1224004184 aid0 a503 a503 CAH k0 aCahya Budi Kartiawan00aKamus Biologi bTitian Ilmuc2013 aiv, 116 hlm.; 21 cm 0aIlmu Murni